[Event "40th Nezhmetdinov Memorial 2018"]
[Site "Kazan"]
[Date "2018.09.21"]
[Round "9"]
[White "Levin, Evgeny A"]
[Black "Mokshanov, Alexey"]
[Result "1-0"]
[WhiteElo "2516"]
[BlackElo "2439"]
[Annotator "TA"]
[PlyCount "65"]
[EventDate "2018.09.11"]
[EventType "swiss"]
[EventCountry "RUS"]
[SourceTitle "playchess.com"]
[Source "ChessBase"]
[SourceQuality "1"]

{[%evp 16,65,0,0,29,12,27,20,22,20,10,30,96,95,87,87,87,89,97,95,97,88,86,89,96,88,89,88,87,83,71,91,191,195,192,181,170,166,411,420,421,418,478,477,464,470,29992,29993,29993,29994,29994,29995]} 1. d4 d5 2. c4 e6 3. Nc3 c6 4. e4 dxe4 5. Nxe4 Bb4+ 6. Bd2 Qxd4 7. Bxb4 Qxe4+ 8. Be2 Na6 9. Ba5 {[%csl Ga5][%cal Rd1d8]} b6 {D31: Queen's Gambit Declined: Semi-Slav without ...Nf6 (+ Marshall Gambit and Noteboom) and Exchange Variation lines without ...Nf6} 10. Qd6 $1 Bd7 (10... bxa5 11. Rd1 $16) 11. Bc3 f6 {The position is equal.} 12. Nf3 $40 {[%mdl 128] White has some attack.} Ne7 13. O-O-O Qxe2 (13... Rd8 $11 {remains equal.} 14. Rhe1 (14. Bd3 Qg4 $11) 14... Qg6) 14. Qxd7+ $16 Kf7 15. Rhe1 Qxc4 16. Re3 $1 Rhe8 {Hoping for ...Nc5.} (16... Qxa2 $2 17. Ne5+ fxe5 18. Rf3+ Kg6 19. Qxe7 $18) 17. b3 {[#]} Qg4 $146 {aiming for ...Red8.} 18. h3 Qf4 {Strongly threatening ...Nc5.} 19. Rd4 $1 (19. Qxe6+ $6 Kf8 $11) 19... Qh6 20. Qxe6+ Kf8 21. Qd6 $1 {[%mdl 1024] White has strong compensation.} ({Don't go for} 21. Rd7 $2 Nc5 $19) 21... c5 22. Rd2 Rac8 23. Kb2 Rc6 (23... Nb8 $16 {keeps fighting.}) 24. Qd7 $18 Rc7 25. Qa4 $1 {[%cal Ra4a6]} Nb8 26. g4 {[%cal Bg2g4,Bg4g5][%mdl 32] And now g5 would win.} Nbc6 $2 {[#]} (26... Nec6) 27. g5 $1 {[%cal Rg5h6][%mdl 512]} fxg5 ({But not} 27... Qg6 28. gxf6 gxf6 29. Qf4) 28. Qg4 Nd4 29. Bxd4 cxd4 {[#]} 30. Re6 $1 {[%cal Re6h6]} (30. Nxd4 Kg8 $11) 30... Ng6 (30... g6 $18 31. Nxg5 Kg8) 31. Qf5+ {White mates.} Rf7 32. Rxe8+ Kxe8 33. Qc8+ {Precision: White = 100%, Black = 52%.} 1-0

[Event "40th Nezhmetdinov Memorial 2018"]
[Site "Kazan"]
[Date "2018.09.21"]
[Round "9"]
[White "Khanin, Semen"]
[Black "Faizrakhmanov, Ramil"]
[Result "1-0"]
[WhiteElo "2507"]
[BlackElo "2414"]
[Annotator "TA"]
[PlyCount "133"]
[EventDate "2018.09.11"]
[EventType "swiss"]
[EventCountry "RUS"]
[SourceTitle "playchess.com"]
[Source "ChessBase"]
[SourceQuality "1"]

{[%evp 31,133,-4,0,0,26,26,47,-5,0,-4,15,0,-5,-10,0,0,0,0,0,0,12,3,5,12,34,39,46,58,63,64,95,98,75,90,114,111,135,112,190,217,196,204,190,176,393,389,358,184,177,177,565,574,673,670,769,784,882,850,1112,959,1201,1104,768,743,4389,3706,3304,3084,29965,29966,29966,29967,29967,29968,29968,29969,29970,29970,29972,29973,29973,29974,29973,29973,29973,29974,29974,29975,29975,29976,29976,29977,29976,29978,29978,29979,29979,29980,29980,29981,29981,29982,29982,29983]} 1. e4 c6 2. d4 d5 3. Nd2 dxe4 4. Nxe4 Bf5 5. Ng3 Bg6 6. h4 h6 7. Nf3 Nd7 8. h5 Bh7 9. Bd3 Bxd3 10. Qxd3 e6 11. Bd2 Ngf6 12. O-O-O Be7 13. Kb1 Qb6 {B19: Classical Caro-Kann: 4...Bf5 main line} (13... O-O 14. Ne4 c5 15. g4 Nxg4 16. Qe2 Qb6 17. Ne5 Ndxe5 18. dxe5 f5 19. exf6 Nxf6 20. Nc3 Rad8 21. Rhg1 Kh8 22. Rg6 {½-½ (38) Saric,I (2662)-Nisipeanu,L (2672) Heraklio 2017}) 14. c4 Rd8 15. Qc2 O-O 16. Bf4 Rfe8 {LiveBook: 8 Games} 17. Ne5 Nxe5 18. dxe5 Nd7 19. Rhe1 $146 (19. Ne4 $14) ({Predecessor:} 19. Be3 Bc5 20. Bxc5 Qxc5 21. f4 {0-1 (49) Mukhina,J (2125)-Nechaeva,M (2428) Satka 2016}) 19... Qc7 20. Ne4 {[%cal Bg3e4,Be4d2,Bd2f3,Bf3e5][%mdl 32]} Nxe5 21. Nd2 f6 $1 22. Nf3 {[%cal Rf3e5]} Rxd1+ 23. Rxd1 Rd8 24. Rxd8+ Bxd8 25. Qe2 Qf7 26. Bxe5 fxe5 27. Nxe5 Qf5+ 28. Nd3 Kf7 29. g4 Qf6 30. Qe4 Bc7 31. Nc5 Bb6 32. Nxb7 Qxf2 {[#] aiming for ...Bd4.} 33. Qg6+ $1 Kf8 {Threatens to win with ...Qf1+.} 34. Qxe6 Qd2 {[#]} (34... Qg1+ $16 {was worth a try.} 35. Kc2 Qf2+ 36. Kb3 Bd4) 35. Qd6+ $1 $18 Qxd6 36. Nxd6 {[%mdl 4096] Endgame KB-KN} Bc7 37. Nf5 Be5 $2 (37... c5 38. Kc2 Kf7) 38. Kc2 Kf7 39. Nh4 (39. b4 $142) 39... Bf6 40. Nf3 Ke6 $2 (40... g6 41. hxg6+ Kxg6) 41. b4 Kd6 42. Kd3 Bb2 43. Nd4 Ba1 44. Ke4 a6 45. a4 Bb2 46. c5+ Kd7 47. Kd3 Ba1 48. Kc4 Bb2 49. b5 cxb5+ 50. axb5 {White mates.} axb5+ 51. Nxb5 Ke6 52. c6 Be5 53. Kd3 Bf6 54. Ke4 Bb2 55. c7 Kd7 56. Kf5 Ba1 57. Kg6 Be5 58. Kf7 Kc8 59. Ke6 Bf4 60. Nd6+ Kxc7 61. Ne8+ Kd8 62. Nxg7 Bc1 63. Kf7 Kd7 64. Nf5 Bd2 65. Kg6 Ke8 66. Nxh6 Kf8 67. Nf7 {Precision: White = 76%, Black = 30%.} 1-0

[Event "40th Nezhmetdinov Memorial 2018"]
[Site "Kazan"]
[Date "2018.09.21"]
[Round "9"]
[White "Drygalov, Andrey"]
[Black "Lintchevski, Daniil"]
[Result "1-0"]
[WhiteElo "2465"]
[BlackElo "2519"]
[Annotator "TA"]
[PlyCount "85"]
[EventDate "2018.09.11"]
[EventType "swiss"]
[EventCountry "RUS"]
[SourceTitle "playchess.com"]
[Source "ChessBase"]
[SourceQuality "1"]

{[%evp 28,85,70,70,83,39,39,37,41,32,31,20,71,74,101,81,153,152,152,147,140,136,158,139,149,153,143,141,160,162,199,204,166,144,309,306,320,266,308,319,468,481,483,480,464,433,464,400,595,533,992,987,972,985,960,943,1026,1000,1959,1452]} 1. e4 c5 2. Nf3 e6 3. d4 cxd4 4. Nxd4 Nf6 5. Nc3 Nc6 6. Nxc6 bxc6 7. e5 Nd5 8. Ne4 Qc7 9. f4 Qb6 10. c4 Bb4+ 11. Ke2 f5 12. Nf2 Nc7 {B45: Sicilian Four Knights} (12... Ba6 13. Kf3 Ne7 14. Qa4 Bc5 15. Nd3 Bd4 16. c5 Bxc5 17. Nxc5 Bxf1 18. Qd4 Qb5 19. Qxd7+ Kf7 20. Qxe6+ Kf8 21. Nd7+ Ke8 22. Nf6+ Kf8 23. Nd7+ Ke8 24. Nf6+ Kf8 25. Nd7+ {½-½ (25) Hector,J (2539)-Banusz,T (2580) Germany 2013}) 13. Be3 Bc5 14. Bxc5 Qxc5 15. b3 {LiveBook: 3 Games} O-O 16. Qd6 (16. g3 {feels hotter.} a5 17. Nd3 Qa7 18. Bg2 Na6 19. Qg1) 16... Qxd6 $146 ({Predecessor:} 16... Qb6 17. Nd3 Ne8 18. Qc5 Qc7 19. g3 Bb7 20. Bg2 {1-0 (38) Belkhodja,S (2468)-Ayyad,M (2074) Dubai 2005}) 17. exd6 Ne8 18. Rd1 a5 19. Ke3 a4 (19... g6 $11) 20. b4 $1 $16 a3 21. Rd4 $1 c5 ({Black should try} 21... g5) 22. bxc5 Bb7 23. Be2 Bxg2 24. Rb1 Nf6 25. Bf3 Bxf3 26. Kxf3 Rfc8 27. Rb5 Ra7 {[#]} 28. Nd3 $1 Ne4 {[#]} 29. Rxe4 $1 fxe4+ 30. Kxe4 $18 {[%mdl 4096] Endgame KRR-KRN} Kf7 $2 (30... g6 $16) 31. Ne5+ Kf6 32. Kd4 Rd8 33. h4 Rc8 (33... g6 {is a better defense.} 34. Rb6 Rda8) 34. Rb6 Rd8 35. c6 dxc6 36. Kc5 Ra5+ 37. Kxc6 Kf5 (37... Rda8 $142 38. Rb7 Kf5 39. Rf7+ Ke4) 38. Kc7 {White is clearly winning.} Rda8 39. Nc6 Ra4 40. c5 (40. d7 Rxc4 41. Kb7 Rf8 $16) 40... Rc4 41. Rb5 ({Less strong is} 41. d7 Rxc5 42. Kb7 Rh8 $18) 41... Kxf4 42. d7 e5 43. Rb4 {Precision: White = 95%, Black = 16%.} 1-0

[Event "40th Nezhmetdinov Memorial 2018"]
[Site "Kazan"]
[Date "2018.09.21"]
[Round "9"]
[White "Sadykov, Ramil"]
[Black "Maiorov, Nikita"]
[Result "1/2-1/2"]
[WhiteElo "2364"]
[BlackElo "2512"]
[Annotator "TA"]
[PlyCount "105"]
[EventDate "2018.09.11"]
[EventType "swiss"]
[EventCountry "RUS"]
[SourceTitle "playchess.com"]
[Source "ChessBase"]
[SourceQuality "1"]

{[%evp 18,105,10,0,0,2,39,-19,-22,-17,-12,-30,-11,-20,-10,-7,0,0,-4,-16,0,-11,0,0,0,6,3,0,38,47,50,23,58,66,77,61,88,0,0,0,67,70,65,69,67,0,0,0,0,0,0,0,0,0,0,0,0,0,0,0,0,0,0,0,0,0,0,0,0,0,0,0,0,0,0,-8,-8,-8,0,0,0,0,0,0,0,0,0,0,0,0]} 1. e4 e5 2. Nf3 Nc6 3. Bb5 a6 4. Bxc6 dxc6 5. O-O Bd6 6. d4 exd4 7. Qxd4 f6 8. Nbd2 Be6 9. b3 Ne7 {C68: Spanische Partie (Abtauschvariante)} (9... Qe7 10. Nc4 Bc5 11. Qd3 Qd7 12. Qxd7+ Bxd7 13. Be3 Be7 14. Nd4 O-O-O 15. Rad1 Re8 16. f3 Bf8 17. Bf2 {½-½ (44) Nisipeanu,L (2683)-Carlsen,M (2850) Reykjavik 2015}) 10. Bb2 {LiveBook: 4 Partien} Ng6 11. Nc4 Be7 $146 ({Vorgänger:} 11... Bxc4 12. Qxc4 Qe7 13. Nd4 Qf7 14. Qxf7+ Kxf7 15. g3 Rhe8 16. Rfe1 {1-0 (50) Neulinger,M (2246)-Hicker,H (2066) Schwarzach 2011}) 12. Qxd8+ ({Besser ist} 12. Qc3 $14) 12... Rxd8 $11 13. Ne3 Kf7 14. Rad1 (14. Nd4 {feels hotter.} Bc5 15. Rfd1 Bc8 16. f3 Rhe8 17. Kf2) 14... Bc8 (14... h5 {is more complex.} 15. Nd4 Bc8 16. f3 Bc5 17. Kf2 h4) 15. g3 Rxd1 (15... Bb4 {looks sharper.} 16. a3 Be7 17. Kg2 h5 18. b4 c5) 16. Rxd1 Re8 17. Nd4 Ne5 18. Kg2 Bf8 19. f3 g6 20. Ne2 b5 21. Kf2 Bd6 22. Bc3 c5 23. Nf4 h5 24. h4 Rd8 25. Nfd5 b4 26. Bb2 Re8 27. Nxf6 (27. a3 $16) 27... Kxf6 28. f4 {[#] Sc4 ist eine echte Drohung.} Kf7 (28... Ke6 $1 $11) 29. Bxe5 Bxe5 30. fxe5 Rxe5 $14 {[%mdl 4096] Endspiel KTL-KTS} 31. Rd8 (31. Kf3 $14) 31... Bb7 $1 $11 {Die Stellung ist ausgeglichen.} 32. Rd7+ Ke8 $1 {[%cal Re8d7]} 33. Rxc7 Bxe4 34. Ra7 Re6 35. Rc7 Bc6 36. Ra7 Bb5 37. Kf3 Bc6+ 38. Kf2 Rf6+ 39. Ke2 Bb5+ 40. Nc4 $1 Re6+ 41. Kf3 Kd8 42. a4 Bxc4 43. bxc4 {KT-KT} Rd6 44. Ke3 Rd4 45. Rxa6 Rxc4 46. Rxg6 Rxc2 47. Kd3 b3 48. a5 c4+ (48... Kc7 $5 49. Rb6 $8 Ra2 $11) 49. Kd4 b2 50. Rb6 {[#] Und a6 würde nun gewinnen.} Kc7 {Droht stark ...c3.} (50... c3 $5 51. a6 $8 Rc1 $14) 51. Rb4 Rg2 (51... c3 $5 52. a6 $8 Rc1 $16) 52. Kxc4 Rxg3 {( -> ...Tg4+)} 53. Rxb2 {Precision: Weiß = 71%, Schwarz = 61%.} 1/2-1/2